Finančná analýza konkrétneho podniku bakalárska práca

Na minha lista:
Detalhes bibliográficos
Autor principal: Smutko, Valér
Autor Corporativo: Podnikovohospodárska fakulta EU so sídlom v Košiciach. Katedra účtovníctva a financií
Outros Autores: Romanová, Daniela, 1984-
Formato: Livro
Idioma:eslovaco
Publicado em: Košice 2011
Tags: Adicionar Tag
Sem tags, seja o primeiro a adicionar uma tag!

MARC

LEADER 00000nbm a2200000 4500
001 0139391
005 20161109111619.6
041 0 |a slo 
044 |a SK 
245 1 0 |a Finančná analýza konkrétneho podniku  |b bakalárska práca  |c Valér Smutko ; školiteľ: Daniela Romanová 
264 1 |a Košice  |c 2011 
300 |a 52 s. 
100 1 |a Smutko, Valér 
700 1 |a Romanová, Daniela, 1984- 
710 2 |a Podnikovohospodárska fakulta EU so sídlom v Košiciach. Katedra účtovníctva a financií